书目信息 |
| 题名: |
联合均值与方差模型
|
|
| 作者: | 吴刘仓 , 徐登可 , 张忠占 著 | |
| 分册: | ||
| 出版信息: | 北京 科学出版社 2019 |
|
| 页数: | 187页 | |
| 开本: | 24cm | |
| 丛书名: | ||
| 单 册: | ||
| 中图分类: | C815 | |
| 科图分类: | ||
| 主题词: | 方差--fang cha--统计模型 | |
| 电子资源: | ||
| ISBN: | 978-7-03-059218-7 | |
| 000 | 01154nam0 2200277 450 | |
| 001 | 012001001510 | |
| 005 | 20140108131042.0 | |
| 010 | @a978-7-03-059218-7@dCNY88.00 | |
| 099 | @aCAL 012019004651 | |
| 100 | @a20190110d2019 em y0chiy50 ea | |
| 101 | 0 | @achi |
| 102 | @aCN@b110000 | |
| 105 | @aak a 000yy | |
| 106 | @ar | |
| 200 | 1 | @a联合均值与方差模型@Alian he jun zhi yu fang cha mo xing@f吴刘仓, 徐登可, 张忠占著 |
| 210 | @a北京@c科学出版社@d2019 | |
| 215 | @a187页@c图@d24cm | |
| 320 | @a有书目 (第174-184页) | |
| 330 | @a本书将从复杂数据和复杂模型的角度,针对联合均值与方差模型建立一套系统处理复杂异方差数据的统计分析方法,重点研究复杂数据下复杂联合均值与方差模型的估计理论、统计诊断、变量选择和经验似然推断方法及结合金融、经济、质量管理、社会科学、气候科学、环境科学、工程技术和生物医学等学科中的一些实际复杂异方差数据作相关统计分析,为这些学科的研究和发展提供新的统计分析方法。 | |
| 606 | 0 | @a方差@Afang cha@x统计模型 |
| 690 | @aC815@v5 | |
| 701 | 0 | @a吴刘仓@Awu liu cang@4著 |
| 701 | 0 | @a徐登可@Axu deng ke@4著 |
| 701 | 0 | @a张忠占@Azhang zhong zhan@4著 |
| 801 | 0 | @aCN@b北京卓展@c20191020 |
| 905 | @b1202041-4@dC815@e166@f4 | |
| 联合均值与方差模型/吴刘仓, 徐登可, 张忠占著.-北京:科学出版社,2019 |
| 187页:图;24cm |
| ISBN 978-7-03-059218-7:CNY88.00 |
| 本书将从复杂数据和复杂模型的角度,针对联合均值与方差模型建立一套系统处理复杂异方差数据的统计分析方法,重点研究复杂数据下复杂联合均值与方差模型的估计理论、统计诊断、变量选择和经验似然推断方法及结合金融、经济、质量管理、社会科学、气候科学、环境科学、工程技术和生物医学等学科中的一些实际复杂异方差数据作相关统计分析,为这些学科的研究和发展提供新的统计分析方法。 |
| ● |
| 相关链接 |
|
|
|
|
正题名:联合均值与方差模型
索取号:C815/166
 
预约/预借
| 序号 | 登录号 | 条形码 | 馆藏地/架位号 | 状态 | 备注 |
| 1 | 1202041 | 212020418 | 第一样本阅览室/ [索取号:C815/166] | 在馆 | |
| 2 | 1202042 | 212020427 | 第一借阅区/ [索取号:C815/166] | 在馆 | |
| 3 | 1202043 | 212020436 | 第一借阅区/ [索取号:C815/166] | 在馆 | |
| 4 | 1202044 | 212020445 | 第一借阅区/ [索取号:C815/166] | 在馆 |